<?xml version="1.0" encoding="UTF-8"?>
<record
    xmlns:xsi="http://www.w3.org/2001/XMLSchema-instance"
    xsi:schemaLocation="http://www.loc.gov/MARC21/slim http://www.loc.gov/standards/marcxml/schema/MARC21slim.xsd"
    xmlns="http://www.loc.gov/MARC21/slim">

  <leader>00367nam a2200157Ia 4500</leader>
  <controlfield tag="008">191201s2008    xx            000 0 und d</controlfield>
  <datafield tag="020" ind1=" " ind2=" ">
    <subfield code="a">9788120311770</subfield>
  </datafield>
  <datafield tag="082" ind1=" " ind2=" ">
    <subfield code="a">005.133</subfield>
    <subfield code="b">LAD</subfield>
  </datafield>
  <datafield tag="100" ind1=" " ind2=" ">
    <subfield code="a">LANGSAM, Yedidyah</subfield>
  </datafield>
  <datafield tag="245" ind1=" " ind2="0">
    <subfield code="a">Data Structures using C and C++</subfield>
  </datafield>
  <datafield tag="250" ind1=" " ind2=" ">
    <subfield code="a">Rep.</subfield>
  </datafield>
  <datafield tag="260" ind1=" " ind2=" ">
    <subfield code="a">N.Delhi</subfield>
    <subfield code="b">PHI</subfield>
    <subfield code="c">2008</subfield>
  </datafield>
  <datafield tag="300" ind1=" " ind2=" ">
    <subfield code="a">672</subfield>
  </datafield>
  <datafield tag="650" ind1=" " ind2=" ">
    <subfield code="a">MCA</subfield>
  </datafield>
  <datafield tag="942" ind1=" " ind2=" ">
    <subfield code="2">ddc</subfield>
    <subfield code="c">BK</subfield>
  </datafield>
  <datafield tag="999" ind1=" " ind2=" ">
    <subfield code="c">3703</subfield>
    <subfield code="d">3703</subfield>
  </datafield>
  <datafield tag="952" ind1=" " ind2=" ">
    <subfield code="0">0</subfield>
    <subfield code="1">0</subfield>
    <subfield code="2">ddc</subfield>
    <subfield code="4">0</subfield>
    <subfield code="7">0</subfield>
    <subfield code="8">MCA</subfield>
    <subfield code="a">PIET</subfield>
    <subfield code="b">PIET</subfield>
    <subfield code="d">2008-12-22</subfield>
    <subfield code="e">J B C, New Delhi</subfield>
    <subfield code="g">275.00</subfield>
    <subfield code="k">SI-4689</subfield>
    <subfield code="l">3</subfield>
    <subfield code="o">005.133 LAD</subfield>
    <subfield code="p">10770</subfield>
    <subfield code="r">2024-09-03 00:00:00</subfield>
    <subfield code="s">2024-08-22</subfield>
    <subfield code="w">2008-12-16</subfield>
    <subfield code="y">BK</subfield>
  </datafield>
  <datafield tag="952" ind1=" " ind2=" ">
    <subfield code="0">0</subfield>
    <subfield code="1">0</subfield>
    <subfield code="2">ddc</subfield>
    <subfield code="4">0</subfield>
    <subfield code="7">0</subfield>
    <subfield code="8">MCA</subfield>
    <subfield code="a">PIET</subfield>
    <subfield code="b">PIET</subfield>
    <subfield code="d">2008-12-22</subfield>
    <subfield code="e">J B C, New Delhi</subfield>
    <subfield code="g">275.00</subfield>
    <subfield code="k">SI-4689</subfield>
    <subfield code="l">1</subfield>
    <subfield code="o">005.133 LAD</subfield>
    <subfield code="p">10771</subfield>
    <subfield code="r">2021-01-20 00:00:00</subfield>
    <subfield code="s">2021-01-08</subfield>
    <subfield code="w">2008-12-16</subfield>
    <subfield code="y">BK</subfield>
  </datafield>
  <datafield tag="952" ind1=" " ind2=" ">
    <subfield code="0">0</subfield>
    <subfield code="1">0</subfield>
    <subfield code="2">ddc</subfield>
    <subfield code="4">0</subfield>
    <subfield code="7">0</subfield>
    <subfield code="8">MCA</subfield>
    <subfield code="a">PIET</subfield>
    <subfield code="b">PIET</subfield>
    <subfield code="d">2008-12-22</subfield>
    <subfield code="e">J B C, New Delhi</subfield>
    <subfield code="g">275.00</subfield>
    <subfield code="k">SI-4689</subfield>
    <subfield code="l">3</subfield>
    <subfield code="o">005.133 LAD</subfield>
    <subfield code="p">10772</subfield>
    <subfield code="q">2025-08-25</subfield>
    <subfield code="r">2025-02-06 00:00:00</subfield>
    <subfield code="s">2025-02-06</subfield>
    <subfield code="w">2008-12-16</subfield>
    <subfield code="y">BK</subfield>
  </datafield>
  <datafield tag="952" ind1=" " ind2=" ">
    <subfield code="0">0</subfield>
    <subfield code="1">0</subfield>
    <subfield code="2">ddc</subfield>
    <subfield code="4">0</subfield>
    <subfield code="7">0</subfield>
    <subfield code="8">MCA</subfield>
    <subfield code="a">PIET</subfield>
    <subfield code="b">PIET</subfield>
    <subfield code="d">2008-12-22</subfield>
    <subfield code="e">J B C, New Delhi</subfield>
    <subfield code="g">275.00</subfield>
    <subfield code="k">SI-4689</subfield>
    <subfield code="l">7</subfield>
    <subfield code="o">005.133 LAD</subfield>
    <subfield code="p">10773</subfield>
    <subfield code="r">2025-10-27 00:00:00</subfield>
    <subfield code="s">2025-10-09</subfield>
    <subfield code="w">2008-12-16</subfield>
    <subfield code="y">BK</subfield>
  </datafield>
  <datafield tag="952" ind1=" " ind2=" ">
    <subfield code="0">0</subfield>
    <subfield code="1">0</subfield>
    <subfield code="2">ddc</subfield>
    <subfield code="4">0</subfield>
    <subfield code="7">0</subfield>
    <subfield code="8">MCA</subfield>
    <subfield code="a">PIET</subfield>
    <subfield code="b">PIET</subfield>
    <subfield code="d">2008-12-22</subfield>
    <subfield code="e">J B C, New Delhi</subfield>
    <subfield code="g">275.00</subfield>
    <subfield code="k">SI-4689</subfield>
    <subfield code="l">1</subfield>
    <subfield code="o">005.133 LAD</subfield>
    <subfield code="p">10774</subfield>
    <subfield code="r">2022-11-18 00:00:00</subfield>
    <subfield code="s">2022-11-14</subfield>
    <subfield code="w">2008-12-16</subfield>
    <subfield code="y">BK</subfield>
  </datafield>
  <datafield tag="952" ind1=" " ind2=" ">
    <subfield code="0">0</subfield>
    <subfield code="1">0</subfield>
    <subfield code="2">ddc</subfield>
    <subfield code="4">0</subfield>
    <subfield code="7">0</subfield>
    <subfield code="8">CSECS</subfield>
    <subfield code="a">PIET</subfield>
    <subfield code="b">PIET</subfield>
    <subfield code="d">2008-12-22</subfield>
    <subfield code="e">J B C, New Delhi</subfield>
    <subfield code="g">275.00</subfield>
    <subfield code="k">SI-4689</subfield>
    <subfield code="l">3</subfield>
    <subfield code="o">005.133 LAD</subfield>
    <subfield code="p">10775</subfield>
    <subfield code="r">2025-10-17 00:00:00</subfield>
    <subfield code="s">2025-10-09</subfield>
    <subfield code="w">2008-12-16</subfield>
    <subfield code="y">BK</subfield>
  </datafield>
  <datafield tag="952" ind1=" " ind2=" ">
    <subfield code="0">0</subfield>
    <subfield code="1">0</subfield>
    <subfield code="2">ddc</subfield>
    <subfield code="4">0</subfield>
    <subfield code="7">0</subfield>
    <subfield code="8">CSECS</subfield>
    <subfield code="a">PIET</subfield>
    <subfield code="b">PIET</subfield>
    <subfield code="d">2008-12-22</subfield>
    <subfield code="e">J B C, New Delhi</subfield>
    <subfield code="g">275.00</subfield>
    <subfield code="k">SI-4689</subfield>
    <subfield code="l">3</subfield>
    <subfield code="o">005.133 LAD</subfield>
    <subfield code="p">10776</subfield>
    <subfield code="r">2025-10-17 00:00:00</subfield>
    <subfield code="s">2025-10-09</subfield>
    <subfield code="w">2008-12-16</subfield>
    <subfield code="y">BK</subfield>
  </datafield>
  <datafield tag="952" ind1=" " ind2=" ">
    <subfield code="0">0</subfield>
    <subfield code="1">0</subfield>
    <subfield code="2">ddc</subfield>
    <subfield code="4">0</subfield>
    <subfield code="7">0</subfield>
    <subfield code="8">CSECS</subfield>
    <subfield code="a">PIET</subfield>
    <subfield code="b">PIET</subfield>
    <subfield code="d">2008-12-22</subfield>
    <subfield code="e">J B C, New Delhi</subfield>
    <subfield code="g">275.00</subfield>
    <subfield code="k">SI-4689</subfield>
    <subfield code="l">3</subfield>
    <subfield code="o">005.133 LAD</subfield>
    <subfield code="p">10777</subfield>
    <subfield code="q">2025-08-25</subfield>
    <subfield code="r">2025-02-06 00:00:00</subfield>
    <subfield code="s">2025-02-06</subfield>
    <subfield code="w">2008-12-16</subfield>
    <subfield code="y">BK</subfield>
  </datafield>
  <datafield tag="952" ind1=" " ind2=" ">
    <subfield code="0">0</subfield>
    <subfield code="1">0</subfield>
    <subfield code="2">ddc</subfield>
    <subfield code="4">0</subfield>
    <subfield code="7">0</subfield>
    <subfield code="8">CSECS</subfield>
    <subfield code="a">PIET</subfield>
    <subfield code="b">PIET</subfield>
    <subfield code="d">2008-12-22</subfield>
    <subfield code="e">J B C, New Delhi</subfield>
    <subfield code="g">275.00</subfield>
    <subfield code="k">SI-4689</subfield>
    <subfield code="l">3</subfield>
    <subfield code="o">005.133 LAD</subfield>
    <subfield code="p">10778</subfield>
    <subfield code="q">2022-05-30</subfield>
    <subfield code="r">2021-11-29 00:00:00</subfield>
    <subfield code="s">2021-11-29</subfield>
    <subfield code="w">2008-12-16</subfield>
    <subfield code="y">BK</subfield>
  </datafield>
  <datafield tag="952" ind1=" " ind2=" ">
    <subfield code="0">0</subfield>
    <subfield code="1">0</subfield>
    <subfield code="2">ddc</subfield>
    <subfield code="4">0</subfield>
    <subfield code="7">0</subfield>
    <subfield code="8">CSECS</subfield>
    <subfield code="a">PIET</subfield>
    <subfield code="b">PIET</subfield>
    <subfield code="d">2008-12-22</subfield>
    <subfield code="e">J B C, New Delhi</subfield>
    <subfield code="g">275.00</subfield>
    <subfield code="k">SI-4689</subfield>
    <subfield code="l">0</subfield>
    <subfield code="o">005.133 LAD</subfield>
    <subfield code="p">10779</subfield>
    <subfield code="r">2019-12-04 00:00:00</subfield>
    <subfield code="w">2008-12-16</subfield>
    <subfield code="y">BK</subfield>
  </datafield>
</record>
